Jerusalem et la palestine : le fonds photographique de l'Ecole biblique de Jerusalem /
محفوظ في:
مؤلف مشترك:
مؤلفون آخرون: ,
التنسيق: كتاب
اللغة: French
منشور في:
Paris :
Hazan,
[2013].
الموضوعات:
الوسوم: إضافة وسم
لا توجد وسوم, كن أول من يضع وسما على هذه التسجيلة!
رقم الطلب: DS109.2 .J413 2013
| LEADER | 01016namaa2200277 4500 | ||
|---|---|---|---|
| 003 | OSt | ||
| 005 | 20260223105410.0 | ||
| 008 | 130303s2013 fr a b 000 0 fre d | ||
| 010 | |a 2014377375 | ||
| 020 | |a 9782754106153 | ||
| 040 | |c ARCE Library | ||
| 043 | |a a-is--- |a awba--- | ||
| 050 | 4 | |a DS109.2 .J413 2013 | |
| 245 | 0 | 0 | |a Jerusalem et la palestine : |b le fonds photographique de l'Ecole biblique de Jerusalem / |c sous la direction d'Elias Sanbar ; avec la collaboration de Salim Tamari... [et al.]. |
| 264 | 1 | |a Paris : |b Hazan, |c [2013]. | |
| 300 | |a 199 pages : |b illustrations ; |c 30 cm. | ||
| 504 | |a Includes bibliographical references (pages 196-199) | ||
| 610 | 2 | 0 | |a Ecole biblique et archeologique francais |v Catalogs. |
| 651 | 0 | |a Jerusalem |x History |v Pictorial works. | |
| 651 | 0 | |a Palestine |x History |v Pictorial works. | |
| 700 | 1 | |a Sanbar, Elias. |9 39155 | |
| 700 | 1 | |a Tamārī, Salīm. | |
| 710 | 2 | |a Ecole biblique et archéologique française. | |
| 901 | |a reviewed | ||
| 942 | |c BK |2 lcc | ||
| 999 | |c 5659 |d 5659 | ||
